Name Disney Movies #2 - Statistics

General Stats
  • This quiz has been taken 109 times
    104 since last reset
  • The average score is 11 of 12
Answer Stats
Picture Answer % Correct
Frozen
99%
Moana
99%
Bambi
98%
Beauty and the Beast
98%
Cinderella
97%
The Incredibles
94%
Zootopia
92%
Mulan
91%
Tangled
90%
Sleeping Beauty
85%
Elemental
74%
Turning Red
71%
No matching quizzes found
Score Distribution
Percent of People with Each Score
Percentile by Number Answered
Your Score History
You have not taken this quiz since the last reset